<?xml version="1.0" encoding="UTF-8"?>
<collection xmlns="http://www.loc.gov/MARC21/slim">
 <record>
  <leader>02033nam a22002657a 4500</leader>
  <controlfield tag="001">NCT_74996</controlfield>
  <controlfield tag="008">200221b        xxu||||| |||| 00| 0 vie d</controlfield>
  <datafield tag="999" ind1=" " ind2=" ">
   <subfield code="c">3656</subfield>
   <subfield code="d">3656</subfield>
  </datafield>
  <datafield tag="020" ind1=" " ind2=" ">
   <subfield code="a">9786046637271</subfield>
   <subfield code="c">82000</subfield>
  </datafield>
  <datafield tag="082" ind1="0" ind2="4">
   <subfield code="2">23rd ed.</subfield>
   <subfield code="a">616.1</subfield>
   <subfield code="b">Ch305</subfield>
  </datafield>
  <datafield tag="100" ind1="1" ind2=" ">
   <subfield code="a">Nguyễn Ngọc Chiến</subfield>
   <subfield code="e">Chủ biên</subfield>
  </datafield>
  <datafield tag="245" ind1="1" ind2="0">
   <subfield code="a">Nâng quy mô và thẩm định quy trình sản xuất thuốc thành phẩm : </subfield>
   <subfield code="b">Giáo trình đào tạo sau đại học</subfield>
   <subfield code="c">Nguyễn Ngọc Chiến (chủ biên) ; Nguyễn Văn Hân, Nguyễn Phúc Nghĩa</subfield>
  </datafield>
  <datafield tag="260" ind1=" " ind2=" ">
   <subfield code="a">H.</subfield>
   <subfield code="b">Y học</subfield>
   <subfield code="c">2019</subfield>
  </datafield>
  <datafield tag="300" ind1=" " ind2=" ">
   <subfield code="a">254 tr.</subfield>
   <subfield code="b">hình vẽ</subfield>
   <subfield code="c">27cm</subfield>
  </datafield>
  <datafield tag="500" ind1=" " ind2=" ">
   <subfield code="a">ĐTTS ghi : Trường Đại học Dược Hà Nội. Bộ môn Công nghiệp dược</subfield>
  </datafield>
  <datafield tag="520" ind1="3" ind2=" ">
   <subfield code="a">Giáo trình sẽ giới thiệu cho người học những kiến thức về nâng quy mô sản xuất một số thuốc rắn, thuốc lỏng và sản phẩm công nghệ sinh học. Tài liệu giúp người đọc thiết kế, triển khai thẩm định quy trình sản xuất dược phẩm theo phương pháp kinh điển cũng như cập nhật xu hướng mới.</subfield>
  </datafield>
  <datafield tag="653" ind1=" " ind2=" ">
   <subfield code="a">Dược học</subfield>
  </datafield>
  <datafield tag="700" ind1="1" ind2=" ">
   <subfield code="a">Nguyễn Văn Hân</subfield>
  </datafield>
  <datafield tag="700" ind1="1" ind2=" ">
   <subfield code="a">Nguyễn Phúc Nghĩa</subfield>
  </datafield>
  <datafield tag="942" ind1=" " ind2=" ">
   <subfield code="2">ddc</subfield>
   <subfield code="c">BK</subfield>
  </datafield>
  <datafield tag="952" ind1=" " ind2=" ">
   <subfield code="0">0</subfield>
   <subfield code="1">0</subfield>
   <subfield code="2">ddc</subfield>
   <subfield code="4">0</subfield>
   <subfield code="6">616_100000000000000_CH305</subfield>
   <subfield code="7">0</subfield>
   <subfield code="9">18768</subfield>
   <subfield code="a">000001</subfield>
   <subfield code="b">000001</subfield>
   <subfield code="d">2020-02-21</subfield>
   <subfield code="o">616.1 Ch305</subfield>
   <subfield code="p">MD.16329</subfield>
   <subfield code="r">2020-02-21</subfield>
   <subfield code="v">82000.00</subfield>
   <subfield code="w">2020-02-21</subfield>
   <subfield code="y">BK</subfield>
  </datafield>
  <datafield tag="952" ind1=" " ind2=" ">
   <subfield code="0">0</subfield>
   <subfield code="1">0</subfield>
   <subfield code="2">ddc</subfield>
   <subfield code="4">0</subfield>
   <subfield code="6">616_100000000000000_CH305</subfield>
   <subfield code="7">0</subfield>
   <subfield code="9">18769</subfield>
   <subfield code="a">000001</subfield>
   <subfield code="b">000001</subfield>
   <subfield code="d">2020-02-21</subfield>
   <subfield code="o">616.1 Ch305</subfield>
   <subfield code="p">MD.16330</subfield>
   <subfield code="r">2020-02-21</subfield>
   <subfield code="v">82000.00</subfield>
   <subfield code="w">2020-02-21</subfield>
   <subfield code="y">BK</subfield>
  </datafield>
  <datafield tag="952" ind1=" " ind2=" ">
   <subfield code="0">0</subfield>
   <subfield code="1">0</subfield>
   <subfield code="2">ddc</subfield>
   <subfield code="4">0</subfield>
   <subfield code="6">616_100000000000000_CH305</subfield>
   <subfield code="7">0</subfield>
   <subfield code="9">18770</subfield>
   <subfield code="a">000001</subfield>
   <subfield code="b">000001</subfield>
   <subfield code="d">2020-02-21</subfield>
   <subfield code="l">1</subfield>
   <subfield code="o">616.1 Ch305</subfield>
   <subfield code="p">MD.16331</subfield>
   <subfield code="r">2020-09-30</subfield>
   <subfield code="s">2020-09-18</subfield>
   <subfield code="v">82000.00</subfield>
   <subfield code="w">2020-02-21</subfield>
   <subfield code="y">BK</subfield>
  </datafield>
  <datafield tag="952" ind1=" " ind2=" ">
   <subfield code="0">0</subfield>
   <subfield code="1">0</subfield>
   <subfield code="2">ddc</subfield>
   <subfield code="4">0</subfield>
   <subfield code="6">616_100000000000000_CH305</subfield>
   <subfield code="7">0</subfield>
   <subfield code="9">18771</subfield>
   <subfield code="a">000001</subfield>
   <subfield code="b">000001</subfield>
   <subfield code="d">2020-02-21</subfield>
   <subfield code="o">616.1 Ch305</subfield>
   <subfield code="p">MD.16332</subfield>
   <subfield code="r">2020-02-21</subfield>
   <subfield code="v">82000.00</subfield>
   <subfield code="w">2020-02-21</subfield>
   <subfield code="y">BK</subfield>
  </datafield>
  <datafield tag="980" ind1=" " ind2=" ">
   <subfield code="a">Thư viện Trường Đại học Nam Cần Thơ</subfield>
  </datafield>
 </record>
</collection>
